00621nam a2200205 a 4500001001300000003000900013005001700022008004100039020000800080082002000088100001800108245005500126260004300181300000900224500003500233505001000268505008100278650002700359650002900386nice12345678IN_TiNIC20260116011430.0050524s1837 lona grp 000 0 eng  ac000a266.354092bMAR aMartyn, Henry aJournals and Letters of the Rev. Henry Martyn B. D aLondonbR.B. Seeley and Burnsidec1837 a527p aincludes index and biblioraphy2 aIndex2 aIndex00gV1.tJournals and letters of the Rev.H.Martyn.--gV2.tJournals and aHenry Martyn-Biography aIndia-Christian Missions